000 00267nam a22001217a 4500
020 _a0-7498-4098-6
082 _a823
_bMOR/A
100 _aMORGAN, NICOLA
245 _aKEY WORDS READERS
260 _aUK
_bEGMONT WORLD
650 _aENGLISH SHORT STORY
_zUK
942 _cBK
999 _c4879
_d4879